[Event "RUS-chT U14"]
[Site "Sochi"]
[Date "2015.05.05"]
[Round "5.3"]
[White "Sinyaev, Nil"]
[Black "Ivanov, Pavel P"]
[Result "0-1"]
[WhiteElo "1653"]
[BlackElo "1723"]
[PlyCount "84"]
[EventDate "2015.05.01"]
[EventType "team-swiss"]
[EventRounds "7"]
[EventCountry "RUS"]
[SourceTitle "EXT 2018"]
[Source "ChessBase"]
[SourceDate "2017.10.13"]
[SourceVersion "1"]
[SourceVersionDate "2017.10.13"]
[SourceQuality "1"]

1. e4 c5 2. Nf3 d6 3. d4 cxd4 4. Nxd4 Nf6 5. Nc3 g6 6. Be3 Bg7 7. f3 0-0 8. Qd2 Nc6 9. Bc4 Bd7 10. 0-0-0 a6 11. Bh6 Nxd4 12. Bxg7 Nxf3 13. gxf3 Kxg7 14. h4 b5 15. Be2 h5 16. f4 Bc6 17. Rhg1 b4 18. Nd5 Bxd5 19. exd5 Qa5 20. Kb1 Kh7 21. f5 Rg8 22. fxg6+ fxg6 23. Bd3 Qxd5 24. Bxg6+ Rxg6 25. Qxd5 Nxd5 26. Rxg6 Kxg6 27. Rxd5 Rf8 28. a3 bxa3 29. bxa3 Rf4 30. Rg5+ Kh6 31. Ra5 Rxh4 32. Rxa6 Rg4 33. Ra8 Rg7 34. a4 h4 35. Rb8 Rh7 36. a5 h3 37. a6 e6 38. Rb3 h2 39. Rh3+ Kg6 40. a7 Rxh3 41. a8Q h1Q+ 42. Kb2 Qxa8 0-1